| 000 | 00496nam a22001697a 4500 | ||
|---|---|---|---|
| 999 |
_c8447 _d8447 |
||
| 008 | 201124b ||||| |||| 00| 0 eng d | ||
| 040 | _aBMS College of Architecture | ||
| 100 | _aR,Kirubha | ||
| 245 | _aAgro park | ||
| 300 | _a40p. | ||
| 500 | _a1BM14AT045 | ||
| 502 |
_8B,Arch _NBMS College of Architecture, Visvesvaraya Technological University (VTU) _aProject report _d2018 |
||
| 650 | _aPark | ||
| 700 |
_aSreedhar K Morab _eGuide |
||
| 700 |
_aShantesh Kelvekar _eGuide |
||
| 942 |
_2ddc _cTHE |
||